000 00260nam a22001217a 4500
003 SGT
082 _a617.96
_bM17M
100 _aMARINO,PAUL L
245 _aMARINOS THE ICU BOOK
260 _aINDIA
_bWOLTER KLUWER
_c2017
300 _a1059
942 _2ddc
_cBK
_01
999 _c14301
_d14301